5-kirjaimista maantiedettä #1 - Statistics

Yleistilastot
  • Tätä visaa on pelattu 638 kertaa
  • Keskiarvotulos 15 / 22
Vastaustilastot
Vihje Vastaus % Oikein
Ukrainan pääkaupunki Kiova
97%
Japanin pääkaupunki Tokio
96%
Välimeren saarivaltio Malta
91%
Pariisin läpi virtaava joki Seine
91%
Baltian maiden suurin kaupunki Riika
89%
Fidel Castron noin 50 vuoden ajan johtama valtio Kuuba
86%
Saudi-Arabia on tämän valtion ainoa naapurimaa Qatar
85%
Myanmarin toinen nimi Burma
82%
Pjongjang sijaitsee tällä niemimaalla Korea
82%
Yhdysvaltain toiseksi suurin osavaltio Texas
81%
Afrikan kolme pisintä jokea Niili
78%
Yökerhoistaan tunnettu saari Espanjan Baleaareilla Ibiza
73%
Euroopan pisin joki Volga
65%
Lyhyempi nimitys pohjoiselle havumetsävyöhykkeelle Taiga
56%
Afrikan kolme pisintä jokea Kongo
51%
Maailman väkirikkain saari Jaava
50%
Afrikan kolme pisintä jokea Niger
46%
Tiibetin suurin kaupunki Lhasa
43%
Muinaisesta sivilisaatiosta tunnettu joki Pakistanissa Indus
35%
Kanadan luoteisin territorio Yukon
34%
Filippiinien suurin saari Luzon
31%
Kanadan merenlahti, jossa merenpinnan taso vaihtelee eniten vuoroveden mukaan Fundy
13%
Ehtoja vastaavia visoja ei löytynyt
Tulosjakauma
Jokaisen tuloksen saaneiden osuus
Persentiili vastausten määrän mukaan
Tuloshistoriasi
Et ole pelannut tätä visaa